[Event "Nord Norsk-ch"]
[Site "Tromsoe"]
[Date "2008.05.09"]
[Round "6"]
[White "Pedersen, Oyvind"]
[Black "Moen, Steinar"]
[Result "1/2-1/2"]
[WhiteElo "1937"]
[BlackElo "2108"]
[PlyCount "57"]
[EventDate "2008.05.09"]
[EventType "swiss"]
[EventRounds "6"]
[EventCountry "NOR"]
[SourceTitle "EXT 2010"]
[Source "ChessBase"]
[SourceDate "2010.11.25"]
[SourceVersion "1"]
[SourceVersionDate "2010.11.25"]
[SourceQuality "1"]

1. e4 e6 2. d4 d5 3. Nd2 Nf6 4. e5 Nfd7 5. f4 c5 6. c3 Nc6 7. Ndf3 Be7 8. Bd3 Rb8 9. Ne2 b5 10. f5 exf5 11. Bxf5 cxd4 12. cxd4 Bb4+ 13. Nc3 Ndxe5 14. Nxe5 Nxe5 15. 0-0 Ng6 16. Qe2+ Qe7 17. Qxe7+ Nxe7 18. Bf4 Bxc3 19. bxc3 Rb6 20. Bd3 Bd7 21. Bc7 Re6 22. Rab1 a6 23. a4 0-0 24. axb5 axb5 25. Bxb5 Bxb5 26. Rxb5 Rc8 27. Ba5 f6 28. Bb4 Nc6 29. Rxd5 1/2-1/2

[Event "NOR-ch Master"]
[Site "Hamar"]
[Date "2007.07.11"]
[Round "6"]
[White "Moen, Steinar"]
[Black "Bryn, Thomas"]
[Result "1-0"]
[WhiteElo "2181"]
[BlackElo "2032"]
[PlyCount "83"]
[EventDate "2007.07.07"]
[EventType "swiss"]
[EventRounds "9"]
[EventCountry "NOR"]
[SourceTitle "EXT 2024"]
[Source "ChessBase"]
[SourceDate "2023.10.10"]
[SourceVersion "1"]
[SourceVersionDate "2023.10.10"]
[SourceQuality "1"]

1. c4 Nf6 2. g3 c6 3. Bg2 d5 4. Nf3 Bg4 5. cxd5 cxd5 6. Qb3 Qb6 7. Qxb6 axb6 8. d3 e6 9. Nd4 Nc6 10. Nc2 b5 11. h3 Bh5 12. f4 Bg6 13. g4 Bc5 14. Nd2 h5 15. f5 exf5 16. g5 Nh7 17. Nb3 Be7 18. h4 Rd8 19. Ne3 Nb4 20. a3 d4 21. axb4 dxe3 22. Bxe3 Bxb4+ 23. Kf2 0-0 24. Bxb7 f6 25. Bf3 Bf7 26. Na5 Bd6 27. Nb7 f4 28. Ba7 fxg5 29. hxg5 g6 30. Nxd6 Rxd6 31. Bc5 Rdd8 32. Bxf8 Kxf8 33. Rhg1 Bd5 34. Ra7 Kg8 35. Ra6 Kf7 36. Rc1 Nxg5 37. Rc7+ Ke8 38. Bxd5 Rxd5 39. Rxg6 Nh3+ 40. Kg2 Rg5+ 41. Rxg5 Nxg5 42. Rc5 1-0

[Event "NOR-chT"]
[Site "Tromsoe"]
[Date "2007.05.28"]
[Round "6"]
[White "Hanssen, Gunnar Berg"]
[Black "Moen, Steinar"]
[Result "1/2-1/2"]
[WhiteElo "2173"]
[BlackElo "2132"]
[PlyCount "61"]
[EventDate "2007.05.25"]
[EventType "team-swiss"]
[EventRounds "6"]
[EventCountry "NOR"]
[SourceTitle "EXT 2010"]
[Source "ChessBase"]
[SourceDate "2010.11.25"]
[SourceVersion "1"]
[SourceVersionDate "2010.11.25"]
[SourceQuality "1"]

1. Nf3 c5 2. c4 Nc6 3. d4 cxd4 4. Nxd4 e6 5. Nb5 d6 6. N1c3 a6 7. Na3 Nf6 8. g3 Be7 9. Bg2 0-0 10. 0-0 Qc7 11. Bf4 Rd8 12. Rc1 Ne5 13. b4 Rb8 14. Rc2 b6 15. Qc1 Bb7 16. Bxb7 Rxb7 17. Rd1 Rbb8 18. c5 bxc5 19. bxc5 Qxc5 20. Nd5 Qxd5 21. Rxd5 Nxd5 22. Bd2 Nb4 23. Bxb4 Rxb4 24. Rc8 Rf8 25. Rxf8+ Bxf8 26. Nc2 Rc4 27. Qb2 Nc6 28. Ne3 Rc5 29. Qb7 a5 30. Kg2 d5 31. f4 1/2-1/2

[Event "NOR-chT"]
[Site "Tromsoe"]
[Date "2007.05.28"]
[Round "5"]
[White "Moen, Steinar"]
[Black "Romsdal, Trond"]
[Result "1-0"]
[WhiteElo "2132"]
[BlackElo "2155"]
[PlyCount "71"]
[EventDate "2007.05.25"]
[EventType "team-swiss"]
[EventRounds "6"]
[EventCountry "NOR"]
[SourceTitle "EXT 2010"]
[Source "ChessBase"]
[SourceDate "2010.11.25"]
[SourceVersion "1"]
[SourceVersionDate "2010.11.25"]
[SourceQuality "1"]

1. d4 d5 2. c4 c6 3. Nf3 Nf6 4. e3 e6 5. Nc3 Nbd7 6. Be2 dxc4 7. a4 Bb4 8. 0-0 0-0 9. Bxc4 Qe7 10. Qc2 e5 11. Re1 e4 12. Nd2 Re8 13. Nf1 Nb6 14. Be2 Bf5 15. Bd2 Rac8 16. Rec1 c5 17. a5 cxd4 18. axb6 dxc3 19. Bxc3 a6 20. Qb3 Bc5 21. Nd2 Nd7 22. Qd5 Qg5 23. Nf1 Nxb6 24. Qxb7 Rcd8 25. Rd1 Bc8 26. Qc6 Bd7 27. Qc7 Rc8 28. Qg3 Qxg3 29. Nxg3 Bb5 30. Kf1 Na4 31. Bd4 Bxd4 32. Rxd4 Nxb2 33. Nxe4 Nc4 34. Ke1 Rc6 35. Bxc4 Rxc4 36. Rxc4 1-0

[Event "NOR-chT"]
[Site "Tromsoe"]
[Date "2007.05.25"]
[Round "1"]
[White "Elvebakk, Jan"]
[Black "Moen, Steinar"]
[Result "0-1"]
[WhiteElo "1825"]
[BlackElo "2132"]
[PlyCount "66"]
[EventDate "2007.05.25"]
[EventType "team-swiss"]
[EventRounds "6"]
[EventCountry "NOR"]
[SourceTitle "EXT 2010"]
[Source "ChessBase"]
[SourceDate "2010.11.25"]
[SourceVersion "1"]
[SourceVersionDate "2010.11.25"]
[SourceQuality "1"]

1. e4 e6 2. d4 d5 3. Nc3 Bb4 4. Qg4 Nf6 5. Qxg7 Rg8 6. Qh6 dxe4 7. a3 Rg6 8. Qh4 Rg4 9. Qh6 Rg6 10. Qh4 Bxc3+ 11. bxc3 c5 12. dxc5 Qa5 13. Ne2 Nbd7 14. Bd2 Qxc5 15. Nd4 Ne5 16. Rb1 a6 17. Be2 Nc4 18. Nb3 Qd5 19. Rd1 Nxd2 20. Rxd2 Qe5 21. Qh3 Bd7 22. 0-0 0-0-0 23. Qe3 Nd5 24. Qc5+ Qc7 25. c4 Nf4 26. g3 Bc6 27. Rxd8+ Qxd8 28. Qe3 e5 29. Kh1 Nxe2 30. Qxe2 f5 31. Rd1 Rd6 32. Rxd6 Qxd6 33. Na5 Qd2 0-1

[Event "Harstad op-A"]
[Site "Harstad"]
[Date "2006.10.14"]
[Round "3"]
[White "Moen, Steinar"]
[Black "Solberg, Joachim Krokvik"]
[Result "1-0"]
[WhiteElo "2118"]
[BlackElo "2179"]
[PlyCount "43"]
[EventDate "2006.10.13"]
[EventType "swiss"]
[EventRounds "5"]
[EventCountry "NOR"]
[SourceTitle "EXT 2008"]
[Source "ChessBase"]
[SourceDate "2007.11.25"]
[SourceVersion "1"]
[SourceVersionDate "2007.11.25"]
[SourceQuality "1"]

1. c4 Nf6 2. g3 c5 3. Bg2 e6 4. Nf3 d5 5. cxd5 Nxd5 6. 0-0 Be7 7. Nc3 0-0 8. d4 Nxc3 9. bxc3 Nc6 10. Rb1 Qc7 11. Qc2 h6 12. Bf4 Bd6 13. Bxd6 Qxd6 14. e3 Rb8 15. Nd2 cxd4 16. cxd4 Bd7 17. Ne4 Qc7 18. Rfc1 Rfc8 19. Qb2 Be8 20. Qa3 b6 21. Nd6 Qe7 22. Rb3 1-0

[Event "NATO-ch 17th"]
[Site "Berkshire"]
[Date "2006.08.24"]
[Round "6"]
[White "Moen, Steinar"]
[Black "Cooper, Lawrence"]
[Result "1/2-1/2"]
[WhiteElo "2176"]
[BlackElo "2309"]
[PlyCount "30"]
[EventDate "2006.08.21"]
[EventType "swiss"]
[EventRounds "7"]
[EventCountry "ENG"]
[SourceTitle "EXT 2007"]
[Source "ChessBase"]
[SourceDate "2006.11.23"]
[SourceVersion "1"]
[SourceVersionDate "2006.11.23"]
[SourceQuality "1"]

1. c4 Nf6 2. g3 c6 3. Bg2 d5 4. Nf3 dxc4 5. Qc2 g6 6. Qxc4 Bg7 7. 0-0 0-0 8. d3 Bg4 9. h3 Bxf3 10. Bxf3 Nbd7 11. Bg2 e5 12. Nc3 a5 13. Be3 Qe7 14. a3 Ne8 15. Rfc1 Nd6 1/2-1/2

[Event "Tromsoe Bjornsens Forste tt"]
[Site "Tromsoe"]
[Date "2006.04.21"]
[Round "1"]
[White "Moen, Steinar"]
[Black "Svadberg, Anders"]
[Result "1-0"]
[WhiteElo "2070"]
[BlackElo "1126"]
[PlyCount "41"]
[EventDate "2006.04.21"]
[EventType "team"]
[EventRounds "5"]
[EventCountry "NOR"]
[SourceTitle "EXT 2008"]
[Source "ChessBase"]
[SourceDate "2007.11.25"]
[SourceVersion "1"]
[SourceVersionDate "2007.11.25"]
[SourceQuality "1"]

1. c4 Nf6 2. g3 g6 3. Bg2 Bg7 4. Nc3 c5 5. Nf3 0-0 6. d4 Qa5 7. 0-0 d6 8. d5 a6 9. Bd2 Qc7 10. e4 e6 11. a4 exd5 12. cxd5 Bg4 13. h3 Bxf3 14. Bxf3 Nbd7 15. a5 b5 16. axb6 Nxb6 17. Qc2 Nfd7 18. Be2 Ne5 19. Kg2 Qc8 20. Na4 Nbd7 21. f4 1-0

[Event "Rallar op"]
[Site "Narvik"]
[Date "2005.04.17"]
[Round "5"]
[White "Jakobsen, Havard U"]
[Black "Moen, Steinar"]
[Result "1/2-1/2"]
[WhiteElo "1200"]
[BlackElo "2118"]
[PlyCount "66"]
[EventDate "2005.04.15"]
[EventType "swiss"]
[EventRounds "5"]
[EventCountry "NOR"]
[SourceTitle "EXT 2007"]
[Source "ChessBase"]
[SourceDate "2006.11.23"]
[SourceVersion "1"]
[SourceVersionDate "2006.11.23"]
[SourceQuality "1"]

1. e4 e6 2. d4 d5 3. exd5 exd5 4. Bd3 Nc6 5. c3 Bd6 6. h3 Nge7 7. Ne2 Bf5 8. Bf4 Bxf4 9. Nxf4 Qd6 10. Qf3 Bxd3 11. Nxd3 0-0 12. 0-0 Qg6 13. Nd2 Rad8 14. Qg3 Rfe8 15. Qxg6 hxg6 16. Rae1 Nf5 17. Rxe8+ Rxe8 18. Re1 Rxe1+ 19. Nxe1 f6 20. Nc2 Kf7 21. Ne3 Ke6 22. Nxf5 Kxf5 23. g3 g5 24. f3 Ke6 25. Kf2 Ne7 26. Nf1 Ng6 27. Ne3 c6 28. Ng2 b6 29. Ke3 Ne7 30. Kf2 Nf5 31. Ne3 Nd6 32. Ke2 f5 33. Ng2 Kf6 1/2-1/2

[Event "Rallar op"]
[Site "Narvik"]
[Date "2005.04.17"]
[Round "4"]
[White "Moen, Steinar"]
[Black "Romsdal, Trond"]
[Result "0-1"]
[WhiteElo "2118"]
[BlackElo "2149"]
[PlyCount "138"]
[EventDate "2005.04.15"]
[EventType "swiss"]
[EventRounds "5"]
[EventCountry "NOR"]
[SourceTitle "EXT 2007"]
[Source "ChessBase"]
[SourceDate "2006.11.23"]
[SourceVersion "1"]
[SourceVersionDate "2006.11.23"]
[SourceQuality "1"]

1. c4 Nf6 2. g3 c6 3. Bg2 d5 4. Nf3 Bf5 5. Qb3 Qb6 6. 0-0 e6 7. d3 Nbd7 8. Be3 Bc5 9. Bxc5 Nxc5 10. Qxb6 axb6 11. Nbd2 Ke7 12. Nd4 Bg6 13. cxd5 Nxd5 14. a3 Ra4 15. Nc2 f6 16. Rac1 Rd8 17. Ne3 Nxe3 18. fxe3 e5 19. Rc3 Ne6 20. Rfc1 b5 21. Kf2 Bf7 22. Ne4 Rda8 23. Bh3 Ng5 24. Nxg5 fxg5 25. Bf5 h6 26. Rd1 b4 27. axb4 Rxb4 28. Rd2 Ra5 29. Ke1 Rab5 30. Rcc2 Bb3 31. Rc1 Bd5 32. Rb1 Kd6 33. e4 Ba2 34. Ra1 Bf7 35. Rb1 c5 36. Kf2 Kc7 37. Kf3 Kb6 38. Kg4 Kc7 39. Kf3 g6 40. Bh3 h5 41. Ke3 g4 42. Bg2 Kd6 43. h3 Ba2 44. Ra1 Be6 45. hxg4 Bxg4 46. Rb1 Rb3 47. Kf2 Ke7 48. Kg1 R5b4 49. Kh2 g5 50. Kg1 Be6 51. Kf2 b5 52. Bf3 g4 53. Bg2 c4 54. dxc4 bxc4 55. Ra1 Rxb2 56. Ra7+ Rb7 57. Rxb2 Rxa7 58. Rb5 Rc7 59. Ke1 Kd6 60. Kd2 Rc5 61. Rb6+ Ke7 62. e3 Ra5 63. Bf1 Ra1 64. Be2 h4 65. Rxe6+ Kxe6 66. Bxg4+ Kd6 67. gxh4 Kc5 68. Bd1 Kb4 69. h5 Ra6 0-1

[Event "Molde"]
[Site "Molde"]
[Date "2004.07.06"]
[Round "5"]
[White "Moen, Steinar"]
[Black "Martinsen, Stig K"]
[Result "1-0"]
[WhiteElo "2160"]
[BlackElo "2107"]
[PlyCount "45"]
[EventDate "2004.07.03"]
[EventType "swiss"]
[EventRounds "8"]
[EventCountry "NOR"]
[SourceTitle "EXT 2008"]
[Source "ChessBase"]
[SourceDate "2007.11.25"]
[SourceVersion "1"]
[SourceVersionDate "2007.11.25"]
[SourceQuality "1"]

1. c4 b6 2. Nc3 e6 3. a3 Bb7 4. d4 g6 5. e4 Bg7 6. Nf3 Ne7 7. Be3 d5 8. cxd5 exd5 9. e5 h6 10. Bd3 Qd7 11. Rc1 c6 12. 0-0 Qe6 13. Ne2 f5 14. exf6 Bxf6 15. Qd2 g5 16. Ng3 0-0 17. Nh5 Nd7 18. Rfe1 Qf7 19. Nxf6+ Nxf6 20. Bxg5 hxg5 21. Qxg5+ Kh8 22. Qh6+ Kg8 23. Ng5 1-0

[Event "Barents Region-chA"]
[Site "Arta"]
[Date "2004.06.18"]
[Round "2"]
[White "Nakken, Roar E"]
[Black "Moen, Steinar"]
[Result "0-1"]
[WhiteElo "1814"]
[BlackElo "2160"]
[PlyCount "46"]
[EventDate "2004.06.18"]
[EventType "swiss"]
[EventRounds "6"]
[EventCountry "NOR"]
[SourceTitle "EXT 2007"]
[Source "ChessBase"]
[SourceDate "2006.11.23"]
[SourceVersion "1"]
[SourceVersionDate "2006.11.23"]
[SourceQuality "1"]

1. d4 e6 2. c4 d5 3. Nc3 Nf6 4. Nf3 c6 5. e3 Nbd7 6. Qc2 Bd6 7. Bd2 Qe7 8. h3 0-0 9. g4 Bb4 10. a3 Bxc3 11. Bxc3 Ne4 12. Bb4 c5 13. dxc5 a5 14. c6 axb4 15. cxd7 Bxd7 16. cxd5 exd5 17. Qb3 bxa3 18. Rxa3 Rxa3 19. bxa3 Ra8 20. Bg2 Rxa3 21. Qb2 Bb5 22. Nd4 Nxf2 23. Qxb5 Qxe3+ 0-1

[Event "NOR-chTA final"]
[Site "Trondheim"]
[Date "2004.05.22"]
[Round "4.1"]
[White "Madsen, Dag"]
[Black "Moen, Steinar"]
[Result "1/2-1/2"]
[WhiteElo "2287"]
[BlackElo "2157"]
[PlyCount "102"]
[EventDate "2004.05.19"]
[EventType "team"]
[EventRounds "5"]
[EventCountry "NOR"]
[SourceTitle "CBM 100 Extra"]
[Source "ChessBase"]
[SourceDate "2004.07.06"]
[SourceVersion "2"]
[SourceVersionDate "2004.07.06"]
[SourceQuality "1"]
[WhiteTeam "07"]
[BlackTeam "05"]
[WhiteTeamCountry "NOR"]
[BlackTeamCountry "NOR"]

1. Nf3 e6 2. c4 d5 3. d4 c6 4. Qc2 Nf6 5. g3 Be7 6. Bg2 0-0 7. Nbd2 Nbd7 8. 0-0 b6 9. e4 Bb7 10. b3 Rc8 11. Bb2 c5 12. e5 Ne8 13. cxd5 cxd4 14. Qb1 Bxd5 15. Bxd4 Nc7 16. a4 Na6 17. Rc1 Rxc1+ 18. Qxc1 Qb8 19. Qf1 Nb4 20. Rc1 Nc6 21. Qe2 Ba3 22. Rc2 Nxd4 23. Nxd4 Bxg2 24. Kxg2 Nxe5 25. f4 Bc5 26. Nb5 Nc6 27. Qe4 Nb4 28. Rc4 Rd8 29. Nf1 Nd5 30. b4 Bf8 31. Kf3 Nf6 32. Qc6 a6 33. Nc3 Rd6 34. Qc8 Qxc8 35. Rxc8 Rd4 36. b5 axb5 37. axb5 Nd5 38. Ne4 Rb4 39. Nd6 Rb3+ 40. Ke2 Nc3+ 41. Kd2 Nxb5 42. Nc4 g6 43. Nxb6 Kg7 44. Nc4 Bb4+ 45. Ke2 Rc3 46. Nfe3 Nd4+ 47. Kf1 Nf5 48. Nxf5+ gxf5 49. Rc6 Rc2 50. Ne5 Rxc6 51. Nxc6 Bc5 1/2-1/2

[Event "NATO-ch 13th"]
[Site "Brest"]
[Date "2002.10.??"]
[Round "1.23"]
[White "Arcasoy, Tugrul"]
[Black "Moen, Steinar"]
[Result "1-0"]
[WhiteElo "1881"]
[BlackElo "2165"]
[PlyCount "43"]
[EventDate "2002.10.07"]
[EventType "swiss"]
[EventRounds "7"]
[EventCountry "FRA"]
[SourceTitle "EXT 2003"]
[Source "ChessBase"]
[SourceDate "2002.11.25"]
[SourceVersion "1"]
[SourceVersionDate "2002.11.25"]
[SourceQuality "1"]

1. d4 d5 2. c4 c6 3. Nc3 Nf6 4. Nf3 a6 5. Bg5 Ne4 6. Bf4 Qa5 7. e3 Nxc3 8. Qd2 b5 9. c5 Bf5 10. bxc3 Nd7 11. Bd3 Bxd3 12. Qxd3 e6 13. 0-0 Be7 14. e4 dxe4 15. Qxe4 Rc8 16. Qc2 0-0 17. a4 Rfe8 18. axb5 Qxb5 19. Rfb1 Qc4 20. Ra4 Qd5 21. Rxa6 Ra8 22. c4 1-0

[Event "Barents Region-chA"]
[Site "Alta"]
[Date "2002.06.16"]
[Round "5"]
[White "Royset, Pal"]
[Black "Moen, Steinar"]
[Result "1-0"]
[WhiteElo "2248"]
[BlackElo "2099"]
[PlyCount "89"]
[EventDate "2002.06.??"]
[EventType "swiss"]
[EventRounds "6"]
[EventCountry "NOR"]
[SourceTitle "EXT 2005"]
[Source "ChessBase"]
[SourceDate "2004.11.15"]
[SourceVersion "1"]
[SourceVersionDate "2004.11.15"]
[SourceQuality "1"]

1. e4 c5 2. Nf3 e6 3. c3 d5 4. exd5 exd5 5. d4 Nf6 6. Bb5+ Bd7 7. Bxd7+ Nbxd7 8. 0-0 Be7 9. Na3 0-0 10. Nc2 Re8 11. Bg5 Qb6 12. Rb1 Qa6 13. a3 b6 14. Ne3 c4 15. Ne5 Qb7 16. Qf3 Nxe5 17. dxe5 Ne4 18. Bxe7 Rxe7 19. Rbd1 Rxe5 20. Nxd5 Nc5 21. h3 Rae8 22. Ne3 Qxf3 23. gxf3 b5 24. f4 Rh5 25. Kg2 Nd3 26. Kg3 Re6 27. f5 Re4 28. b3 Kf8 29. bxc4 Rg5+ 30. Kf3 Rf4+ 31. Ke2 bxc4 32. Rb1 Re4 33. Rb8+ Ke7 34. Rb7+ Kf6 35. Rxa7 Rxf5 36. Ra6+ Kg5 37. f3 Re8 38. Kd2 Rfe5 39. Nxc4 Rd5 40. Rd6 Rd8 41. Rg1+ Kf4 42. Rxd5 Rxd5 43. Ke2 Ne5 44. Rxg7 Nxc4 45. Rg4+ 1-0

[Event "NOR-chT fin"]
[Site "Oslo"]
[Date "2002.05.12"]
[Round "5"]
[White "Madsen, Dag"]
[Black "Moen, Steinar"]
[Result "1/2-1/2"]
[WhiteElo "2305"]
[BlackElo "2177"]
[PlyCount "127"]
[EventDate "2002.05.08"]
[EventType "team"]
[EventRounds "5"]
[EventCountry "NOR"]
[SourceTitle "CBM 088 Extra"]
[Source "ChessBase"]
[SourceDate "2002.07.01"]
[SourceVersion "2"]
[SourceVersionDate "2002.07.01"]
[SourceQuality "1"]

1. d4 Nf6 2. Nf3 g6 3. c4 Bg7 4. g3 0-0 5. Bg2 d6 6. 0-0 c6 7. Nc3 Qa5 8. h3 Be6 9. Qd3 Qa6 10. b3 d5 11. Ne5 Rd8 12. Bb2 dxc4 13. Nxc4 Nbd7 14. Rfd1 Bxc4 15. Qxc4 Qxc4 16. bxc4 Nb6 17. c5 Nbd5 18. Rab1 Rd7 19. e4 Nxc3 20. Bxc3 Ne8 21. e5 e6 22. Rd2 a6 23. Rdb2 Ra7 24. Bf1 Kf8 25. Kg2 Ke7 26. Ba5 Bf8 27. Rb4 Ng7 28. g4 Ke8 29. Be2 Be7 30. f4 Bd8 31. Bxd8 Kxd8 32. Bf3 Kc7 33. Kf2 Rd8 34. Ke3 Rh8 35. R4b2 h5 36. Bg2 Rh7 37. Kf2 Rh8 38. Be4 hxg4 39. hxg4 Rh3 40. Bf3 Rh8 41. Kg3 Rh7 42. Be4 Rh8 43. Rh1 Raa8 44. Rbh2 Rxh2 45. Rxh2 Kd7 46. Kf3 Kc7 47. Rh7 Rg8 48. f5 gxf5 49. gxf5 exf5 50. Bxf5 Kd8 51. Bg4 Ke7 52. Rh6 Rd8 53. Ke4 Ne8 54. Bh5 Ng7 55. Rh7 Nxh5 56. Rxh5 Rg8 57. Rh2 Rg4+ 58. Ke3 Kd7 59. Rb2 Kc7 60. Rf2 Rg7 61. Kf4 Kd7 62. Rb2 Kc7 63. Kf5 Rg6 64. Rh2 1/2-1/2